Sorsfordító évek - Bibó István Szegeden

Elmentve itt :
Bibliográfiai részletek
Szerző: Szabadfalvi József
Adatforrás:Philobibl
Forrásdokumentuma:Világosság
52.2013:1-2. 57-64. p.
Dokumentumtípus: Cikk
Nyelv:magyar
Kulcsszavak:Bibó István
politikaemélet
jogelmélet
társadalomelmélet
Szegedi Tudományegyetem
Online elérés:szabadon hozzáférhető
LEADER 00612nab a2200169 c 4500
001 bibPHI00001244
005 20260205114632.9
008 260205s2013 hu 00010 hun d
100 1 |a Szabadfalvi József 
245 1 0 |a Sorsfordító évek - Bibó István Szegeden  |c Szabadfalvi József 
695 |a Bibó István 
695 |a politikaemélet 
695 |a jogelmélet 
695 |a társadalomelmélet 
695 |a Szegedi Tudományegyetem 
773 0 |t Világosság  |g 52.2013:1-2. 57-64. p. 
856 4 1 |3 Full text  |u https://epa.oszk.hu/01200/01273/00060/pdf/EPA01273_vilagossag_tavasz-nyar_057-064.pdf  |z szabadon hozzáférhető